Motores de dos tiempos para motocicletas

Saved in:
Bibliografiske detaljer
Hovedforfatter: Torrecillas Cortés, Juan (Author)
Format: Bog
Sprog:spansk
Udgivet: Ciudad de México Alfaomega 1992
Fag:
Tags: Tilføj Tag
Ingen Tags, Vær først til at tagge denne postø!

MARC

LEADER 00000nam a2200000 a 4500
001 UCP6030
003 CL-VaPUC
008 991008e19920000MX |||||||||||||||||spa|d
082 0 4 |a 629.227  |b TOR  |2 21 
100 0 |a Torrecillas Cortés, Juan  |e author  |9 434807 
245 1 0 |a Motores de dos tiempos para motocicletas 
300 |a 87 p 
942 |c BK 
945 |d 19991008 00:00:00  |a rbrito 
260 |a Ciudad de México  |b Alfaomega  |c 1992 
650 7 |a MOTOCICLETAS  |2 CL-VaPUC  |9 434808 
650 0 |a Historia  |9 255047 
650 7 |a MOTORES DE DOS TIEMPO  |2 CL-VaPUC  |9 434809 
650 7 |a ENCENDIDO  |2 CL-VaPUC  |9 364032 
650 7 |a CARBURADOR  |2 CL-VaPUC  |9 434810 
650 0 |a Refrigeración  |9 259343 
583 |a last modification  |c 19991008 00:00:00  |k Rodrigo Vera 
999 |c 283661  |d 283659 
952 |0 0  |1 0  |4 0  |6 629_227000000000000_TOR_1992  |7 0  |8 A  |9 327011  |a BIBMEC  |b BIBMEC  |d 2019-11-20  |i 3566471  |o 629.227 TOR 1992  |p 3566471  |r 2024-01-19  |w 2019-11-20  |y BK  |k MEC